Centrum chorvátskej kultúry, Jarovce

Uložené v:
Podrobná bibliografia
Hlavný autor: Ciaian, Marian-Gregor (Autor)
Ďalší autori: Alexy, Andrej (Vedúci práce)
Médium: Rukopis Kniha
Jazyk:Slovak
Vydavateľské údaje: 2025
Predmet:
On-line prístup:http://is.stuba.sk/zp/portal_zp.pl?podrobnosti=171849
Tagy: Pridať tag
Žiadne tagy, Buďte prvý, kto otaguje tento záznam!

MARC

LEADER 00000ntm a22000003a 4500
001 stuzp105024
003 SK-STU
005 20250614213531.2
007 ta
008 150427s2015----xo-----f-mn---000-0-slo-d
040 |a STU  |b slo 
041 0 |a slo 
100 1 |a Ciaian, Marian-Gregor  |u 054140  |4 aut  |U FAD Fakulta architektúry a dizajnu  |T FAD Ústav konštrukcií v architektúre a inžinierskych stavieb  |X 117380  |U A4140  |Y 395  |7 117380 
242 0 1 |a Croatian Cultural Center, Jarovce  |y eng 
245 1 0 |a Centrum chorvátskej kultúry, Jarovce 
260 |c 2025 
650 4 |a connectivity  |2 eng 
650 4 |a openness  |2 eng 
650 4 |a inclusion  |2 eng 
650 4 |a minority  |2 eng 
650 4 |a culture  |2 eng 
650 4 |a cultural centre  |2 eng 
650 4 |a prepojenie  |2 slo 
650 4 |a otvorenosť  |2 slo 
650 4 |a inklúzia  |2 slo 
650 4 |a menšina  |2 slo 
650 4 |a kultúra  |2 slo 
650 4 |a kultúrne centrum  |2 slo 
700 1 |a Alexy, Andrej  |u 054140  |k Z8  |4 ths  |U FAD Fakulta architektúry a dizajnu  |T FAD Ústav konštrukcií v architektúre a inžinierskych stavieb  |X 4185  |U A4140  |Y 395  |7 A000004185 
856 4 |u http://is.stuba.sk/zp/portal_zp.pl?podrobnosti=171849